000 01423nam a2200433 4500
001 1479663867
003 DE-627
005 20220511173152.0
007 tu
008 140716s1962 xx ||||| 00| ||rum c
035 _a(DE-627)1479663867
035 _a(DE-576)409663867
035 _a(DE-599)BSZ409663867
035 _a(OCoLC)885416251
040 _aDE-627
_bger
_cDE-627
041 _arum
100 1 _aBezymenskij, Lev A.
_d1920-2007
_0(DE-588)121861651
_0(DE-627)081583184
_0(DE-576)160284201
_4aut
_eVerfasser
_96485
240 1 0 _aGermanskie generaly s Gitlerom i bez nego <rumän.>
245 1 0 _aGeneralii germani cu şi fără Hitler
_cL. A. Bezimenski
264 1 _aBucureşti
_bEd. Ştiinţifică
_c1962
300 _a543 Seiten :
_bIllustrationen
336 _aText
_btxt
_2rdacontent
337 _aohne Hilfsmittel zu benutzen
_bn
_2rdamedia
338 _aBand
_bnc
_2rdacarrier
610 7 _2gnd
_aDeutsches Reich. Wehrmacht
_91063
610 7 _2gnd
_aDeutschland (Bundesrepublik). Bundeswehr
_91064
648 _a1919-1964
_96486
650 7 _2gnd
_aGeneralstab
_96487
650 7 _2gnd
_aInternationale Politik
_9359
650 7 _2gnd
_aWeltkrieg <1939-1945>
_9385
651 7 _2gnd
_aDeutschland
_980
651 7 _2gnd
_aDeutschland (Bundesrepublik)
_9152
651 7 _2gnd
942 _2z
_cMG
999 _c58410
_d58410